00417 a2200121 4500001001000000005001700010008004100027245010400068100003100172700002300203773005200226999001700278ART_3420620260410161708.0260409a 10aLa A.F.I.P. dispuso dos nuevos planes de facilidades de pago en reemplazo del R.A.F. y del R.A.F.A.1 aCarratalá, Juan Martín1 aAlbano, Horacio O.0 tRevista Impuestosg- Nº 24 (dic. 2005)wREV639 c15817d15817